Análisis de margenes, Direct Costing (Registro nro. 2001)

Detalles MARC
000 -LEADER
fixed length control field 01937 a2200193 4500
001 - CONTROL NUMBER
control field 30059
005 - DATE AND TIME OF LATEST TRANSACTION
control field 20260407155611.0
008 - FIXED-LENGTH DATA ELEMENTS--GENERAL INFORMATION
fixed length control field 260407a1968 arg spa d
003 - CONTROL NUMBER IDENTIFIER
control field AR-UNSa-BCEJYS
040 ## - CATALOGING SOURCE
Original cataloging agency AR-UNSa-BCEJYS
Language of cataloging spa
Transcribing agency AR-UNSa-BCEJYS
080 ## - UNIVERSAL DECIMAL CLASSIFICATION NUMBER
Universal Decimal Classification number 657.474.55
Common auxiliary subdivision Costes directos e indirectos. Costes marginales<br/>
100 1# - MAIN ENTRY--PERSONAL NAME
Personal name De Bodt, Gérard
245 10 - TITLE STATEMENT
Title Análisis de margenes, Direct Costing
264 #1 - PRODUCTION, PUBLICATION, DISTRIBUTION, MANUFACTURE, AND COPYRIGHT NOTICE
Place of production, publication, distribution, manufacture Bilbao :
Name of producer, publisher, distributor, manufacturer Ediciones Deusto
Date of production, publication, distribution, manufacture, or copyright notice 1968
300 ## - PHYSICAL DESCRIPTION
Extent 255 p.
Dimensions 22 cm.
505 ## - FORMATTED CONTENTS NOTE
Formatted contents note 1. El direct costing punto de encuentro de los economistas y de los contables - 2. El dirct costing. El modelo de corto plazo de una fabricación industrial - Los Gastos - 3. La estandarización de los gastos variables, el precio del costo directo standar - 4. El presupuesto de los gastos fijos, los presupuesos flexibles de los gastos de producción - Los márgenes brutos - 5. Programación de la rentabilidad por medio de los márgenes brutos en el trabajo en ciclo continuo - 6. La programación económica del trabajo sobre pedido - 7. El modelo económico de las fabricaciones de los productos - 8. Problemas propios de los bienes de producción y de determinados bienes de consumo - 9. La incertidumbre - 10. Los factores cualitativos - Ajustes de los razonamientos de corto plazo los ajustes dinámicos - 11. Modificación del coste de factores. Movimientos dinámicos del mer cado que crece o decrece estructuralmente y se ve afectado por fluctuaciones coyunturales - 12. La guerra de precios - 13. Costes a corto plazo para desarrollar operaciones beneficiosas a largo plazo - 14. El reemplazo de las instalaciones - 15. Los aumentos de capacidad - 16. La creación de una factoría nueva o de un taller suplementario destinado a fabricar productos conocidos - 17. La creación de una nueva factoría para fabricar un nuevo producto - 18. El crecimiento armónico
590 ## - LOCAL NOTE (RLIN)
Local note niveau_biblio:m niveau_hierar:0
942 ## - ADDED ENTRY ELEMENTS (KOHA)
Koha item type
Existencias
Withdrawn status Lost status Damaged status Not for loan Home library Current library Shelving location Date acquired Total checkouts Full call number Barcode Date last seen Price effective from Koha item type
        Biblioteca Prof. Eusebio Cleto del Rey Biblioteca Prof. Eusebio Cleto del Rey   07/04/2026   657.474.55 D278 L21615 07/04/2026 07/04/2026 Libro
        Biblioteca Prof. Eusebio Cleto del Rey Biblioteca Prof. Eusebio Cleto del Rey   07/04/2026   657.474.55 D278 L21639 07/04/2026 07/04/2026 Libro